000
00336nam a2200145Ia 4500
008
210210b1952 xxu||||| |||| 00| 0 eng d
041
_a
eng
082
_a
874/13
100
_a
ETUTHACHAN (K S)
245
_a
Vibagaveekshanam
260
_a
_b
-
_c
1952
650
_a
Vibagaveekshanam
690
_a
Malayalam Criticism
906
_a
002605
999
_c
124575
_d
124575